Another Round 2020 / directed by Thomas Vinterberg; written by Thomas Vinterberg, Tobias Lindholm; produced by Sisse Graum Jørgensen, Kasper Dissing. (Record no. 20837)

000 -LEADER
fixed length control field 00720nam a2200169 4500
008 - FIXED-LENGTH DATA ELEMENTS--GENERAL INFORMATION
fixed length control field 250527b xxu||||| |||| 00| 0 eng d
040 ## - CATALOGING SOURCE
Original cataloging agency Cagayan State University
Description conventions RDA
082 ## - DEWEY DECIMAL CLASSIFICATION NUMBER
Classification number 791.4372
Item number A6159
245 ## - TITLE STATEMENT
Title Another Round 2020 / directed by Thomas Vinterberg; written by Thomas Vinterberg, Tobias Lindholm; produced by Sisse Graum Jørgensen, Kasper Dissing.
260 ## - PUBLICATION, DISTRIBUTION, ETC. (IMPRINT)
Place of publication, distribution, etc Denmark:
Name of publisher, distributor, etc Nordisk Film Distribution,
Date of publication, distribution, etc 2020.
300 ## - PHYSICAL DESCRIPTION
Extent 1 videofile, (ca. 116 mins.) :
Other physical details sound, color.
520 ## - SUMMARY, ETC.
Summary, etc Four high-school teachers consume alcohol on a daily basis to see how it affects their social and professional lives.
546 ## - LANGUAGE NOTE
Language note In English subtitle.
650 ## - SUBJECT ADDED ENTRY--TOPICAL TERM
Topical term or geographic name as entry element Comedy.
650 ## - SUBJECT ADDED ENTRY--TOPICAL TERM
Topical term or geographic name as entry element Drama.
942 ## - ADDED ENTRY ELEMENTS (KOHA)
Source of classification or shelving scheme
Item type Audio-Visual Materials
Holdings
Source of acquisition Price effective from Permanent location Date last seen Not for loan Date acquired Source of classification or shelving scheme Koha item type Collection code Shelving location Damaged status Lost status Withdrawn status Current location Full call number
Donation2025-05-27Cagayan State University - Carig Library2025-05-27 2025-05-27 Audio-Visual MaterialsElectronic Media CenterElectronic Media Center   Cagayan State University - Carig Library791.4372 A6159

Cagayan State University University Library, Carig Campus
Tuguegarao City, Cagayan 3500 | www.csucarig.edu.ph

Powered by Koha